000 00830nam a2200217 a 4500
003 0
005 20250508150818.0
008 021107s19uu xx 00 eng d
050 _aPGS BF 723.S3
_b.C117 2002
100 _aCabral, Carla Lara.
245 _aFactors that contribute to self-esteem as perceived by grade 6 students /
_cCarla Lara Cabral.
260 _aLas PiƱas City, Philippines :
_bSouthville International School and Colleges,
_c2002.
300 _aUnpaged :
_billustrations ;
_c28 cm.
504 _aIncludes bibliographical references.
650 _aSelf-esteem in children.
650 _aSelf-perception in children.
650 _aElementary school students
_vPsychology.
650 _aSocial factors affecting self-esteem.
650 _aAcademic achievement
_vPsychological aspects.
942 _2lcc
_cPASS
999 _c96605
_d96605